[Event "Paris Immopar rapid"]
[Site "Paris"]
[Date "1990.11.??"]
[Round "2"]
[White "Kasparov, Garry"]
[Black "Kortschnoj, Viktor"]
[Result "1-0"]
[WhiteElo "2800"]
[BlackElo "2630"]
[PlyCount "101"]
[EventDate "1990.11.??"]
[Source "ChessBase"]
[SourceDate "1996.11.15"]

1. d4 Nf6 2. c4 e6 3. Nf3 d5 4. Nc3 c5 5. cxd5 Nxd5 6. e3 Be7 7. Bd3 cxd4 8.
exd4 Nc6 9. O-O O-O 10. Re1 Qd6 11. a3 Rd8 12. Bc2 Nf6 13. Be3 e5 14. Nxe5 Nxe5
15. Bf4 Bg4 16. Bxe5 Bxd1 17. Bxd6 Bxc2 18. Bxe7 Rxd4 19. Bxf6 gxf6 20. Re2 Bb3
21. f3 Rad8 22. Rae1 Be6 23. Kf2 a6 24. Re4 Kg7 25. Rxd4 Rxd4 26. Rd1 Rxd1 27.
Nxd1 Kf8 28. Ke3 Ke7 29. Kd4 Kd6 30. Ne3 b5 31. b4 Bb3 32. f4 Be6 33. g4 Kc6
34. f5 Ba2 35. Ng2 Kd6 36. Nf4 Bc4 37. Nh5 Ke7 38. Kc5 Be2 39. h3 Bf1 40. Nf4
Kd7 41. h4 h6 42. Nd5 Be2 43. Nxf6+ Ke7 44. Ng8+ Kf8 45. Nxh6 Kg7 46. g5 f6 47.
Kb6 Bf1 48. Kxa6 Bc4 49. Ka5 Bd3 50. a4 bxa4 51. Kxa4 1-0

[Event "Paris Immopar rapid"]
[Site "Paris"]
[Date "1990.11.??"]
[Round "3"]
[White "Kasparov, Garry"]
[Black "Short, Nigel D"]
[Result "1-0"]
[WhiteElo "2800"]
[BlackElo "2610"]
[PlyCount "101"]
[EventDate "1990.11.??"]
[Source "ChessBase"]
[SourceDate "1996.11.15"]

1. c4 e5 2. Nc3 Nc6 3. g3 g6 4. Bg2 Bg7 5. Rb1 f5 6. b4 e4 7. Bb2 Nf6 8. b5 Ne5
9. d3 d6 10. Nh3 O-O 11. O-O Kh8 12. Nf4 a6 13. a4 axb5 14. axb5 Bd7 15. Ra1
Rxa1 16. Bxa1 g5 17. Nfd5 Nxd5 18. Nxd5 c6 19. bxc6 bxc6 20. Nb4 Qb6 21. Nc2
exd3 22. exd3 f4 23. Bxe5 Bxe5 24. Qh5 fxg3 25. hxg3 Bxg3 26. Be4 Bf5 27. Bxf5
Rxf5 28. Qe8+ Kg7 29. Ne3 Re5 30. Qd7+ Kg6 31. Qxd6+ Kh5 32. Kg2 Rxe3 33. Rh1+
Kg4 34. Qd7+ Kf4 35. Qf7+ Ke5 36. Qe7+ Kf4 37. fxe3+ Qxe3 38. Rf1+ Bf2 39.
Rxf2+ Qxf2+ 40. Kxf2 g4 41. Qe4+ Kg5 42. Kg3 h5 43. Qe5+ Kg6 44. Kh4 Kf7 45.
Kxh5 c5 46. Kxg4 Kg6 47. Qxc5 Kf7 48. Kf5 Ke8 49. Qc7 Kf8 50. Kf6 Kg8 51. Qg7#
1-0

[Event "PCA/Intel-GP"]
[Site "New York"]
[Date "1995.06.23"]
[Round "3.2"]
[White "Kasparov, Garry"]
[Black "Kramnik, Vladimir"]
[Result "1/2-1/2"]
[WhiteElo "2805"]
[BlackElo "2715"]
[PlyCount "62"]
[EventDate "1995.06.??"]
[Source "ChessBase"]

1. c4 c5 2. Nc3 g6 3. g3 Bg7 4. Bg2 Nc6 5. a3 a6 6. Rb1 Rb8 7. b4 cxb4 8. axb4
b5 9. cxb5 axb5 10. Nf3 d5 11. d4 e6 12. Bf4 Rb6 13. e4 Nf6 14. e5 Ne4 15. Nxe4
dxe4 16. Nd2 O-O 17. Be3 f5 18. exf6 Bxf6 19. Nxe4 Bxd4 20. O-O e5 21. Bg5 Ne7
22. Rc1 Bb7 23. Qc2 Rf7 24. Qd2 Qa8 25. Qd3 Nd5 26. Qb3 Nc3 27. Rxc3 Bxc3 28.
Nf6+ Rbxf6 29. Bxb7 Qxb7 30. Bxf6 Qf3 31. Qe6 Qxf6 1/2-1/2

[Event "Internet m1"]
[Site "Internet ICC"]
[Date "1998.05.24"]
[Round "1"]
[White "Kasparov, Garry"]
[Black "Svidler, Peter"]
[Result "1-0"]
[WhiteElo "2825"]
[BlackElo "2690"]
[PlyCount "81"]
[EventDate "1998.05.24"]
[Source "ChessBase"]
[SourceDate "1998.07.07"]

1. e4 c5 2. Nf3 d6 3. Bb5+ Nd7 4. d4 Ngf6 5. Nc3 cxd4 6. Qxd4 e5 7. Qd3 Be7 8.
Bg5 O-O 9. Bxd7 Nxd7 10. Bxe7 Qxe7 11. O-O-O Nf6 12. Qxd6 Qxd6 13. Rxd6 Re8 14.
h3 b6 15. Rhd1 Bb7 16. Nd2 Rac8 17. f3 Kf8 18. Nf1 Ke7 19. Ne3 g6 20. a4 Red8
21. Rxd8 Rxd8 22. Rxd8 Kxd8 23. Nc4 Nd7 24. Nd6 Ba6 25. Nd5 f6 26. Kd2 Nc5 27.
b4 Nxa4 28. b5 Bc8 29. Nxc8 Kxc8 30. Nxf6 h5 31. h4 Kd8 32. g4 Ke7 33. Nd5+ Ke6
34. Ke3 Nb2 35. gxh5 gxh5 36. f4 Nc4+ 37. Kd3 Nb2+ 38. Ke2 exf4 39. Nxf4+ Ke5
40. Nd3+ Nxd3 41. Kxd3 1-0

[Event "Chess Classics Giants 3rd pl"]
[Site "Frankfurt"]
[Date "1998.06.19"]
[Round "4"]
[White "Ivanchuk, Vassily"]
[Black "Kasparov, Garry"]
[Result "1/2-1/2"]
[WhiteElo "2740"]
[BlackElo "2825"]
[PlyCount "86"]
[EventDate "1998.06.19"]
[Source "ChessBase"]
[SourceDate "1998.09.09"]

1. d4 Nf6 2. c4 e6 3. Nf3 d5 4. Nc3 Be7 5. Bf4 O-O 6. e3 c5 7. dxc5 Bxc5 8. a3
Nc6 9. Rc1 a6 10. cxd5 exd5 11. Bd3 Ba7 12. O-O d4 13. exd4 Nxd4 14. Nxd4 Qxd4
15. Be3 Qh4 16. Bxa7 Rxa7 17. Qa4 Qxa4 18. Nxa4 b5 19. Nc5 Nd7 20. Rfd1 Nxc5
21. Rxc5 g6 22. f3 Be6 23. Kf2 b4 24. a4 Bb3 25. Bc2 Bxc2 26. Rxc2 b3 27. Rc3
Rb8 28. Rd4 h5 29. h4 Kg7 30. Rc6 Re7 31. Rxa6 Rc7 32. Rd2 Rc2 33. Rad6 Rb4 34.
a5 Rxd2+ 35. Rxd2 Rxh4 36. g4 hxg4 37. Kg3 Rh5 38. fxg4 Rxa5 39. Rd3 Rb5 40.
Rf3 f5 41. gxf5 gxf5 42. Rc3 Kh6 43. Kf3 Kg5 1/2-1/2

[Event "KasparovChess GP g/60"]
[Site "Internet"]
[Date "2000.02.13"]
[Round "2.1"]
[White "Kasparov, Garry"]
[Black "Van Wely, Loek"]
[Result "1/2-1/2"]
[WhiteElo "2851"]
[BlackElo "2646"]
[PlyCount "75"]
[EventDate "2000.02.09"]
[Source "ChessBase"]
[SourceDate "2000.05.31"]

1. e4 c5 2. Nf3 d6 3. d4 cxd4 4. Nxd4 Nf6 5. Nc3 a6 6. Be3 e6 7. f3 b5 8. g4 h6
9. Qd2 Nbd7 10. O-O-O Bb7 11. h4 b4 12. Na4 Qa5 13. b3 Be7 14. Kb1 Nc5 15. Nxc5
dxc5 16. Ne2 Rd8 17. Qc1 Nd7 18. Ng3 Ne5 19. Be2 Rxd1 20. Qxd1 Qc7 21. Bf4 Bd6
22. Nh5 g6 23. Nf6+ Ke7 24. g5 h5 25. Be3 Nc6 26. f4 Rd8 27. Qf1 Nd4 28. Bd3
Kf8 29. Rg1 Kg7 30. Bxd4 cxd4 31. e5 Be7 32. Qe2 a5 33. f5 exf5 34. Bxf5 d3 35.
Bxd3 Bc5 36. e6 Bxg1 37. e7 Bc6 38. Qe5 1/2-1/2

[Event "Chess@iceland-A"]
[Site "Kopavogur"]
[Date "2000.04.01"]
[Round "4"]
[White "Timman, Jan H"]
[Black "Kasparov, Garry"]
[Result "0-1"]
[WhiteElo "2655"]
[BlackElo "2851"]
[PlyCount "106"]
[EventDate "2000.04.01"]
[Source "ChessBase"]
[SourceDate "2000.11.22"]

1. c4 c5 2. Nf3 Nf6 3. Nc3 d5 4. cxd5 Nxd5 5. d4 Nxc3 6. bxc3 g6 7. e4 Bg7 8.
Bb5+ Nc6 9. O-O O-O 10. Bxc6 bxc6 11. Ba3 cxd4 12. cxd4 Bg4 13. Bc5 Bxf3 14.
Qxf3 Bxd4 15. Rad1 Bxc5 16. Rxd8 Rfxd8 17. Qc3 Bb6 18. a4 Rd6 19. a5 Bd4 20.
Qb3 Rad8 21. g3 Re6 22. Re1 Re5 23. Qb7 Kf8 24. Qc7 Rd6 25. Kg2 Rb5 26. e5 Rdd5
27. Re2 Bxe5 28. Qxa7 Rxa5 29. Qb7 Rdc5 30. Rd2 Bd6 31. Rb2 Kg7 32. Rb6 Rf5 33.
Rxc6 Ra2 34. Qb6 h5 35. Qd4+ Rf6 36. h3 Re2 37. Rc4 e5 38. Qa7 Bb8 39. Qc5 Ra2
40. g4 Ba7 41. Qxe5 Raxf2+ 42. Kh1 Kh7 43. gxh5 Rf1+ 44. Kh2 R6f2+ 45. Kg3 Rg1+
46. Kh4 g5+ 47. Qxg5 Rxg5 48. Kxg5 Be3+ 49. Kg4 f5+ 50. Kg3 Kh6 51. Rc3 f4+ 52.
Kg4 Rg2+ 53. Kf3 Rg3+ 0-1

[Event "Chess@iceland-A"]
[Site "Kopavogur"]
[Date "2000.04.01"]
[Round "5"]
[White "Kasparov, Garry"]
[Black "Petursson, Margeir"]
[Result "1-0"]
[WhiteElo "2851"]
[BlackElo "2544"]
[PlyCount "45"]
[EventDate "2000.04.01"]
[Source "ChessBase"]
[SourceDate "2000.11.22"]

1. e4 c5 2. Nf3 Nc6 3. Bb5 d6 4. c3 Nf6 5. Qe2 e5 6. d4 exd4 7. cxd4 a6 8. e5
Nd5 9. exd6+ Be6 10. Bxc6+ bxc6 11. dxc5 Qa5+ 12. Bd2 Qxc5 13. O-O Kd7 14. Na3
Bxd6 15. Rab1 Bf5 16. Rbc1 Rhe8 17. Qd1 Qa7 18. Nc4 Bc7 19. Bc3 f6 20. Nd4 Be6
21. Nxc6 Kxc6 22. Bd4 Qb8 23. Qa4+ 1-0

[Event "Botvinnik mem m 30'"]
[Site "Moscow"]
[Date "2001.12.08"]
[Round "6"]
[White "Kasparov, Garry"]
[Black "Kramnik, Vladimir"]
[Result "0-1"]
[WhiteElo "2838"]
[BlackElo "2802"]
[PlyCount "104"]
[EventDate "2001.12.07"]
[Source "ChessBase"]
[SourceDate "2002.03.21"]

1. d4 Nf6 2. c4 e6 3. Nc3 Bb4 4. e3 b6 5. Nge2 Bb7 6. a3 Be7 7. d5 O-O 8. Ng3
Re8 9. Be2 Bf8 10. e4 d6 11. O-O Nbd7 12. Be3 c6 13. Qd2 Rc8 14. dxe6 fxe6 15.
f4 Qe7 16. Rad1 Rcd8 17. Kh1 Qf7 18. Qc2 Kh8 19. b4 e5 20. Nf5 d5 21. exd5 cxd5
22. Nb5 Qg6 23. Bf3 Rc8 24. Qb1 e4 25. Nh4 Qf7 26. Be2 a6 27. Nc3 dxc4 28. Qb2
b5 29. Nf5 Nd5 30. Nxd5 Qxf5 31. Nc3 Nf6 32. h3 Rcd8 33. Rxd8 Rxd8 34. Rd1
Rxd1+ 35. Bxd1 Qd7 36. Be2 Bc6 37. Qc1 g6 38. Qg1 Bg7 39. Bd4 Kg8 40. Be5 Nd5
41. Bxg7 Qxg7 42. Nxd5 Bxd5 43. Qc5 Qa1+ 44. Kh2 Bf7 45. Bg4 Kg7 46. Qc7 Qf6
47. Bd1 h5 48. a4 Qd4 49. Bc2 e3 50. f5 e2 51. fxg6 e1=Q 52. Qxf7+ Kh6 0-1